000 00508nam a2200193Ia 4500
005 20250326125741.0
008 250326s9999 xx 000 0 und d
037 _aTextbook
040 _aFMSL
_beng
_cFMSL
041 _aeng
_2eng
084 _aX:9 N2
_qFMSL
100 _aHOLDEN
_9739608
245 0 _aSelected case probleme in ind. management
_cHOLDEN
250 _a2
260 _aNew Jersey
_bNew Jersey, P H
_c1962
300 _a384p
942 _cTB
_hX:9 N2
999 _c1279398
_d1279398